The IMF and future: issues and options facing the fund / (Record no. 5362)

MARC details
000 -LEADER
fixed length control field 00536nam a22001937a 4500
003 - CONTROL NUMBER IDENTIFIER
control field OSt
005 - DATE AND TIME OF LATEST TRANSACTION
control field 20240724110400.0
008 - FIXED-LENGTH DATA ELEMENTS--GENERAL INFORMATION
fixed length control field 161018b xxu||||| |||| 00| 0 eng d
020 ## - INTERNATIONAL STANDARD BOOK NUMBER
International Standard Book Number 0415406870
040 ## - CATALOGING SOURCE
Transcribing agency DDC
082 ## - DEWEY DECIMAL CLASSIFICATION NUMBER
Classification number 332.1 BIR 2003
100 ## - MAIN ENTRY--PERSONAL NAME
Personal name Bird, Graham
9 (RLIN) 11214
245 ## - TITLE STATEMENT
Title The IMF and future: issues and options facing the fund /
Statement of responsibility, etc. Graham Bird
260 ## - PUBLICATION, DISTRIBUTION, ETC. (IMPRINT)
Place of publication, distribution, etc. London;
Name of publisher, distributor, etc. Routledge,
Date of publication, distribution, etc. 2003
300 ## - PHYSICAL DESCRIPTION
Extent xiii,299p; ill: 24cm
504 ## - BIBLIOGRAPHY, ETC. NOTE
Bibliography, etc Notes, & index included
650 ## - SUBJECT ADDED ENTRY--TOPICAL TERM
Topical term or geographic name as entry element IMF challenges
9 (RLIN) 11215
942 ## - ADDED ENTRY ELEMENTS (KOHA)
Source of classification or shelving scheme Other/Generic Classification Scheme
Koha item type Book Bank
Holdings
Withdrawn status Lost status Source of classification or shelving scheme Damaged status Not for loan Home library Current library Date acquired Source of acquisition Inventory number Total Checkouts Full call number Barcode Date last seen Koha item type Price effective from
    Dewey Decimal Classification     MUST Main Library MUST Main Library 18/10/2016   16/40027   332.1 BIR 2003 2016-4810 18/10/2016 Book Bank  
    Dewey Decimal Classification     MUST Main Library MUST Main Library 18/10/2016   16/40028   332.1 BIR 2003 2016-4811 18/10/2016 Book Bank  
    Dewey Decimal Classification     MUST Main Library MUST Main Library 18/10/2016   16/40029   332.1 BIR 2003 2016-4812 18/10/2016 Book Bank  
    Dewey Decimal Classification     MUST Main Library MUST Main Library 18/10/2016   16/40030   332.1 BIR 2003 2016-4813 18/10/2016 Book Bank  
    Dewey Decimal Classification     MUST Main Library MUST Main Library 18/10/2016   16/40031   332.1 BIR 2003 2016-4814 18/10/2016 Book Bank  
    Dewey Decimal Classification     MUST Main Library MUST Main Library 17/01/2022 Purchase 15/39437   332.1 BIR 2003 2022-0045 17/01/2022 Book 17/01/2022